<?xml version="1.0" encoding="UTF-8"?>
<collection xmlns="http://www.loc.gov/MARC21/slim">
 <record>
  <leader>01248cam a2200313 7i4500</leader>
  <controlfield tag="001">0000046693</controlfield>
  <controlfield tag="005">20220209090000.0</controlfield>
  <controlfield tag="008">220209t20052005ne a   ###   #00001eng##</controlfield>
  <datafield tag="020" ind1="#" ind2="#">
   <subfield code="a">1402031580 </subfield>
  </datafield>
  <datafield tag="020" ind1="#" ind2="#">
   <subfield code="a">9781402031588 </subfield>
  </datafield>
  <datafield tag="040" ind1="#" ind2="#">
   <subfield code="a">UMT</subfield>
  </datafield>
  <datafield tag="090" ind1="0" ind2="0">
   <subfield code="a">QH 541.5 .S3 </subfield>
   <subfield code="b">N32 2005</subfield>
  </datafield>
  <datafield tag="111" ind1="2" ind2="#">
   <subfield code="a">NATO Advanced Study Institute on Strategic Management of Marine Ecosystems </subfield>
   <subfield code="c">Nice, France </subfield>
   <subfield code="d">2003</subfield>
  </datafield>
  <datafield tag="245" ind1="1" ind2="0">
   <subfield code="a">Strategic management of marine ecosystems  </subfield>
   <subfield code="c">edited by Eugene Levner, Igor Linkov, and Jean-Marie Proth.</subfield>
  </datafield>
  <datafield tag="264" ind1="#" ind2="1">
   <subfield code="a">Dordrecht, the Netherlands: </subfield>
   <subfield code="b">Springer, </subfield>
   <subfield code="c">[2005] .</subfield>
  </datafield>
  <datafield tag="264" ind1="#" ind2="4">
   <subfield code="c">♭2005.</subfield>
  </datafield>
  <datafield tag="300" ind1="#" ind2="#">
   <subfield code="a">313 pages: </subfield>
   <subfield code="b">illustrations, maps; </subfield>
   <subfield code="c">25 cm..</subfield>
  </datafield>
  <datafield tag="336" ind1="#" ind2="#">
   <subfield code="a">text</subfield>
   <subfield code="2">rdacontent</subfield>
  </datafield>
  <datafield tag="337" ind1="#" ind2="#">
   <subfield code="a">unmediated</subfield>
   <subfield code="2">rdamedia</subfield>
  </datafield>
  <datafield tag="338" ind1="#" ind2="#">
   <subfield code="a">volume</subfield>
   <subfield code="2">rdacarrier</subfield>
  </datafield>
  <datafield tag="490" ind1="1" ind2="#">
   <subfield code="a">NATO science series. Series IV, Earth and environmental sciences; </subfield>
   <subfield code="v">v. 50 </subfield>
  </datafield>
  <datafield tag="504" ind1="#" ind2="#">
   <subfield code="a">Includes bibliographical references and index</subfield>
  </datafield>
  <datafield tag="590" ind1="#" ind2="#">
   <subfield code="a">Perpustakaan Sultanah Nur Zahirah</subfield>
  </datafield>
  <datafield tag="650" ind1="0" ind2="0">
   <subfield code="a">Marine ecosystem management -- </subfield>
   <subfield code="x">Congresses </subfield>
  </datafield>
  <datafield tag="700" ind1="1" ind2="#">
   <subfield code="a">Prot, Jean-Marie </subfield>
  </datafield>
  <datafield tag="700" ind1="1" ind2="#">
   <subfield code="a">Levner, Eugene </subfield>
  </datafield>
  <datafield tag="700" ind1="1" ind2="#">
   <subfield code="a">Linkov, Igor </subfield>
  </datafield>
  <datafield tag="830" ind1="#" ind2="0">
   <subfield code="a">NATO science series. Series IV, Earth and environmental sciences</subfield>
  </datafield>
  <datafield tag="999" ind1=" " ind2=" ">
   <subfield code="a">1100046914</subfield>
   <subfield code="b">Book</subfield>
   <subfield code="c">Koleksi Maritim</subfield>
   <subfield code="e">KOLEKSI MARITIM</subfield>
  </datafield>
 </record>
</collection>
